| 000 | 00655nam a2200193Ii 4500 | ||
|---|---|---|---|
| 003 | JO-AjNU | ||
| 008 | 230605s9999||||xx |||||||||||||| ||und|| | ||
| 040 |
_aJO-AjNU _bara _erda _cJO-AjNU |
||
| 041 | _aara | ||
| 050 | 1 | 4 | _aPS3515 1998 |
| 100 | 3 |
_aترجمة نصار ،سمير عزت , _eauthor _920506 |
|
| 245 | 0 | 0 | _aلوركا ثلاث تراجيديات عرس الدم يرما بيت برناردا البا |
| 264 | 3 | 1 | _aعمان :دار النسر والتوزيع ،1998 |
| 300 | _a186ص | ||
| 336 |
_atext _btxt _2rdacontent |
||
| 337 |
_aunmediated _bn _2rdamedia |
||
| 338 |
_avolume _bnc _2rdacarrier |
||
| 650 | 4 |
_aمسرحيات _920507 |
|
| 999 |
_aA6962 _c10530 _d10530 |
||